| 000 | 01721nam a2200373 a 4500 | ||
|---|---|---|---|
| 001 | ebr10516786 | ||
| 003 | CaPaEBR | ||
| 006 | m u | ||
| 007 | cr cn||||||||| | ||
| 008 | 120103s1988 dcua sb 101 0 eng d | ||
| 020 | _z0930403460 | ||
| 020 | _z9780930403461 | ||
| 020 | _z9781600863684 (e-book) | ||
| 040 |
_aCaPaEBR _cCaPaEBR |
||
| 035 | _a(OCoLC)774287225 | ||
| 050 | 1 | 4 |
_aQD516 _b.F53 1988eb |
| 245 | 0 | 0 |
_aFlames _h[electronic resource] / _cedited by A.L. Kuhl ... [et al.]. |
| 260 |
_aWashington, D.C. : _bAmerican Institute of Aeronautics and Astronautics, _c1988. |
||
| 300 |
_axix, 432 p. : _bill. |
||
| 490 | 1 |
_aProgress in astronautics and aeronautics ; _vv. 113 |
|
| 490 | 0 |
_aDynamics of reactive systems ; _vpt. 1 |
|
| 500 | _a"Technical papers presented from the eleventh International Colloquium on Dynamics of Explosions and Reactive Systems, Warsaw, Poland, August 1987, and subsequently revised for this volume." | ||
| 504 | _aIncludes bibliographical references and index. | ||
| 533 |
_aElectronic reproduction. _bPalo Alto, Calif. : _cebrary, _d2013. _nAvailable via World Wide Web. _nAccess may be limited to ebrary affiliated libraries. |
||
| 650 | 0 |
_aCombustion _vCongresses. |
|
| 650 | 0 |
_aGas dynamics _vCongresses. |
|
| 650 | 0 |
_aFlame _vCongresses. |
|
| 655 | 7 |
_aElectronic books. _2local |
|
| 700 | 1 | _aKuhl, A. L. | |
| 710 | 2 | _aebrary, Inc. | |
| 711 | 2 |
_aInternational Colloquium on Dynamics of Explosions and Reactive Systems _n(11th : _d1987 : _cWarsaw, Poland) |
|
| 830 | 0 |
_aProgress in astronautics and aeronautics ; _vv. 113. |
|
| 856 | 4 | 0 |
_uhttp://site.ebrary.com/lib/rucke/Doc?id=10516786 _zAn electronic book accessible through the World Wide Web; click to view |
| 999 |
_c224358 _d224358 |
||